|
|
|
|
| LEADER |
00933nam a2200241 a 4500 |
| 001 |
12653347 |
| 008 |
090824s1998 si a 001 0 eng d |
| 010 |
|
|
|a \\2002276071
|
| 020 |
|
|
|a 9810244096 (pbk. : acid-free paper)
|
| 020 |
|
|
|a 9810230923 (hard : acid-free paper)
|
| 040 |
|
|
|a DLC
|c DLC
|d DLC
|
| 082 |
0 |
0 |
|a 512/.5
|2 21
|
| 100 |
1 |
|
|a Hsiung, C. Y.
|
| 245 |
1 |
0 |
|a Linear algebra /
|c C.Y. Hsiung, G.Y. Mao.
|
| 260 |
|
|
|a Singapore ;
|a River Edge, NJ :
|b World Scientific,
|c 1998
|g (2000 printing)
|
| 300 |
|
|
|a viii, 444 p. :
|b ill. ;
|c 22 cm.
|
| 504 |
|
|
|a Includes index.
|
| 541 |
1 |
|
|e 00014625
|
| 650 |
|
0 |
|a Algebras, Linear.
|
| 700 |
1 |
|
|a Mao, G. Y.
|
| 852 |
4 |
|
|a Ayesha Abed Library
|j General shelf
|
| 999 |
|
|
|c 3590
|d 3590
|
| 952 |
|
|
|0 0
|1 0
|2 ddc
|4 0
|6 512_500000000000000_HSI_2000
|7 0
|9 3259
|a BRACUL
|b BRACUL
|c GEN
|d 2009-09-02
|g 0.00
|l 24
|m 123
|o 512.5 HSI
|p 3010014625
|r 2026-02-18
|s 2026-02-02
|t 1
|w 2009-09-02
|y BK
|x No price found in the accession register.
|